00483 2200181 4500001002100000005001500021008004100036020002200077035001900099041000700118082001100125090001700136100002000153245003700173260004500210300003100255650001500286INLIS00000000000302920241224112639241224||||||||| | ||| |||| || |  a978-979-27-4950-2 0010-1224003029 aid0 a005.13 a005.13 HEN p0 aHendrik Karnadi00aProgram Laporan Keuangan Terpadu aJakartabPT. Elex Media Komputindoc2009 axii, 228 hlm.; ilus.; 21cm 0aPemograman